|
|
|
|
| LEADER |
01105nam a2200289 a 4500 |
| 001 |
37710 |
| 003 |
BD-DhAAL |
| 005 |
20220214161058.0 |
| 008 |
220214t1997 nyua b 001 0 eng |
| 999 |
|
|
|c 43505
|d 43505
|
| 010 |
|
|
|a 96014320
|
| 020 |
|
|
|a 0070670447 (alk. paper)
|
| 020 |
|
|
|a 9780070670440
|
| 040 |
|
|
|a DLC
|c DLC
|d DLC
|d BD-DhAAL
|
| 050 |
0 |
0 |
|a BF713
|b .V36 1997
|
| 082 |
0 |
0 |
|a 155
|2 23
|
| 100 |
2 |
|
|a Vander Zanden, James Wilfrid.
|9 45768
|
| 245 |
1 |
0 |
|a Human development /
|c James W. Vander Zanden.
|
| 250 |
|
|
|a Six edition
|
| 260 |
|
|
|a New York :
|b McGraw-Hill,
|c c1997.
|
| 300 |
|
|
|a 599 pages :
|b illustrations (some col.) ;
|c 26 cm.
|
| 504 |
|
|
|a Includes bibliographical references and indexes.
|
| 541 |
|
|
|a Complimentary copy from BIED
|e 37710
|
| 650 |
|
0 |
|a Developmental psychology
|v Textbooks.
|9 45769
|
| 852 |
|
|
|a Ayesha Abed Library
|c BIED Collection
|
| 942 |
|
|
|2 ddc
|c BK
|
| 952 |
|
|
|0 0
|1 0
|2 ddc
|4 0
|6 155_000000000000000_VAN
|7 0
|9 69793
|a BRACUL
|b BRACUL
|c GEN
|d 2022-02-14
|e Complimentary copy from BIED
|l 0
|o 155 VAN
|p 3010037710
|r 2022-02-14
|t 1
|w 2022-02-14
|y BK
|x Transferred from BIED to General Stacks
|